| Tag |
First Indicator |
Second Indicator |
Subfields |
| LEADER |
00000cam a2200000 a 4500 |
| 001 |
in00000006198 |
| 005 |
20150928150024.0 |
| 008 |
990826s1999 dcuab f000 0 eng d |
| 010 |
|
|
|a 99490444
|
| 020 |
|
|
|a 0160500184 :
|c $15.00
|
| 035 |
|
|
|a (OCoLC)ocm42368219
|
| 035 |
|
|
|9 AJK1433AM
|
| 037 |
|
|
|a 055-000-00625-3
|b GPO
|
| 040 |
|
|
|a JNA
|c DLC
|d GPO
|d DLC
|d MvI
|d UtOrBLW
|
| 042 |
|
|
|a lccopycat
|
| 043 |
|
|
|a n-us---
|
| 049 |
|
|
|a UDOC
|
| 050 |
0 |
0 |
|a TD223
|b .U52 1999
|
| 074 |
|
|
|a 0431-I-01
|
| 082 |
0 |
0 |
|a 363.6/1/021873
|2 21
|
| 086 |
0 |
|
|a EP 1.2:SA 1/3
|
| 110 |
1 |
|
|a United States.
|b Environmental Protection Agency.
|b Enforcement and Compliance Assurance.
|
| 245 |
1 |
0 |
|a Providing safe drinking water in America :
|b 1997 national public water systems compliance report and update on implementation of 1996 Safe Drinking Water Act Amendments.
|
| 246 |
3 |
0 |
|a 1997 national public water systems compliance report
|
| 264 |
|
1 |
|a Washington, D.C. :
|b U.S. Environmental Protection Agency, Office of Enforcement and Compliance Assurance :
|c [1999]
|
| 264 |
|
2 |
|a Washington, D.C. :
|b For sale by the U.S. G.P.O., Supt. of Docs.,
|
| 300 |
|
|
|a x, 37, 4, 60 pages :
|b illustrations, map ;
|c 28 cm.
|
| 336 |
|
|
|a text
|b txt
|2 rdacontent
|
| 337 |
|
|
|a unmediated
|b n
|2 rdamedia
|
| 338 |
|
|
|a volume
|b nc
|2 rdacarrier
|
| 500 |
|
|
|a Cover title.
|
| 500 |
|
|
|a Shipping list number: 99-0334-P.
|
| 500 |
|
|
|a "April 1999."
|
| 500 |
|
|
|a "EPA 305-R-99-002."
|
| 500 |
|
|
|a Shipping List #: 99-0334-P
|
| 500 |
|
|
|a Shipping List Date: 08/16/99
|
| 650 |
|
0 |
|a Drinking water
|x Standards
|z United States.
|
| 650 |
|
0 |
|a Drinking water
|x Law and legislation
|z United States.
|
| 610 |
1 |
0 |
|a United States.
|t Safe Drinking Water Act Amendments of 1996.
|
| 999 |
|
|
|a MARS
|
| 999 |
f |
f |
|s 55340a4d-5b7b-3deb-b2d9-cdcec47c754b
|i ebe239af-90d9-3ecb-8fad-942af60b8e2a
|t 0
|
| 952 |
f |
f |
|p normal
|a Texas A&M University
|b College Station
|c Sterling C. Evans Library
|d Evans: US Documents (Annex 5th floor)
|t 0
|e EP 1.2:SA 1/3
|h Superintendent of Documents classification
|i unmediated -- volume
|m A14824321108
|
| 998 |
f |
f |
|a EP 1.2:SA 1/3
|t 0
|l Evans: US Documents (Annex 5th floor)
|